| 000 | 00650cam a22002291 4500 | ||
|---|---|---|---|
| 001 | sa 66006450 | ||
| 003 | DLC | ||
| 005 | 20260227112256.0 | ||
| 008 | 890620r1965uuuuio a 000 0bdut | ||
| 010 | _asa 66006450 | ||
| 035 | _a(OCoLC)23413341 | ||
| 040 |
_aDLC _cMiU _dInU _dDLC |
||
| 050 | 0 | 0 |
_aDT92.7 _b.I3 |
| 100 | 1 | _aIdris, Soewardi. | |
| 245 | 0 | 0 |
_aCleopatra; _bbintang asmara dari Mesir. |
| 250 | _a[Tjet. 1. | ||
| 260 |
_aDjakarta] _bWilendra _c[1965] |
||
| 300 |
_a60 p. _billus. _c17 cm. |
||
| 600 | 0 | 0 |
_aCleopatra, _cQueen of Egypt, _d-30 B.C. |
| 651 | 0 |
_aEgypt _xHistory _y332-30 B.C. _vBiography. |
|
| 650 | 0 |
_aQueens _zEgypt _vBiography. |
|
| 999 |
_c70527 _d70527 |
||